<?xml version="1.0" encoding="UTF-8"?>
<record
    xmlns:xsi="http://www.w3.org/2001/XMLSchema-instance"
    xsi:schemaLocation="http://www.loc.gov/MARC21/slim http://www.loc.gov/standards/marcxml/schema/MARC21slim.xsd"
    xmlns="http://www.loc.gov/MARC21/slim">

  <leader>01826nam a22001457a 4500</leader>
  <datafield tag="999" ind1=" " ind2=" ">
    <subfield code="c">533550</subfield>
    <subfield code="d">533550</subfield>
  </datafield>
  <controlfield tag="008">260603b           ||||| |||| 00| 0 eng d</controlfield>
  <datafield tag="100" ind1=" " ind2=" ">
    <subfield code="a">Joshi, Shruti and  Kamila, Anshuman</subfield>
    <subfield code="9">60955</subfield>
  </datafield>
  <datafield tag="245" ind1=" " ind2=" ">
    <subfield code="a">Financial inclusion among rural Indian women: Comparative evidence from two recent rounds of the national family health survey</subfield>
  </datafield>
  <datafield tag="260" ind1=" " ind2=" ">
    <subfield code="a">Indian Journal of Public Administration </subfield>
  </datafield>
  <datafield tag="300" ind1=" " ind2=" ">
    <subfield code="a">72(1), Mar, 2026: p.26-41</subfield>
  </datafield>
  <datafield tag="520" ind1=" " ind2=" ">
    <subfield code="a">This study aims to characterise the financial inclusion gap between rural and urban women in India. Taking a cue from literature that it is demand-side factors which determine the diversity in financial participation among women, such factors are explored using the National Family Health Surveys&#x2014;a hitherto unutilised source of data for such studies. Subsequently, the gap in financial inclusion between rural and urban women is split into quantifiable and non-quantifiable factors, so as to understand the nature of efforts required to bridge the gaps. The findings indicate that the rural&#x2013;urban gap in ownership and usage of bank accounts has come down from 12 percentage points in 2015&#x2013;2016 to almost 3 percentage points in 2019&#x2013;2021; the gaps occur on account of urban women being better endowed than rural women in terms of wealth and education-related characteristics. Policy implications for stimulating financial inclusion among women to close the rural&#x2013;urban gap conclude the article.-Reproduced 


https://journals.sagepub.com/doi/full/10.1177/00195561261433682?_gl=1*k1q7zn*_up*MQ..*_ga*NDA0OTcwNTI1LjE3ODA0Njk2NTg.*_ga_60R758KFDG*czE3ODA0Njk2NTckbzEkZzEkdDE
3ODA0Njk3MjckajUxJGwxJGgxNjEwNTE5OTU0</subfield>
  </datafield>
  <datafield tag="650" ind1=" " ind2=" ">
    <subfield code="a">Financial inclusion, NFHS, Decomposition, Linear probability models, Gender.</subfield>
    <subfield code="9">60956</subfield>
  </datafield>
  <datafield tag="773" ind1=" " ind2=" ">
    <subfield code="a">Indian Journal of Public Administration </subfield>
  </datafield>
  <datafield tag="942" ind1=" " ind2=" ">
    <subfield code="c">AR</subfield>
  </datafield>
  <datafield tag="952" ind1=" " ind2=" ">
    <subfield code="0">0</subfield>
    <subfield code="1">0</subfield>
    <subfield code="2">ddc</subfield>
    <subfield code="4">0</subfield>
    <subfield code="7">0</subfield>
    <subfield code="9">408727</subfield>
    <subfield code="a">IIPA</subfield>
    <subfield code="b">IIPA</subfield>
    <subfield code="d">2026-06-03</subfield>
    <subfield code="h">72(1), Mar, 2026: p.26-41</subfield>
    <subfield code="p">AR139041</subfield>
    <subfield code="r">2026-06-03</subfield>
    <subfield code="y">AR</subfield>
  </datafield>
</record>
